Statistiques concernant Compagnie de bonbons au pays

Cliquez ici pour prendre le quiz!

Statistiques générales

  • Ce quiz a été pris 136 fois
  • Le résultat moyen est 7 sur 33

Statistiques - réponses

Compagnie de bonbonsPays% Correct
HariboAllemagne
85%
RicolaSuisse
58%
FerreroItalie
56%
LindtSuisse
55%
CémoiFrance
45%
LuttiFrance
43%
NestléSuisse
43%
General MillsÉtats-Unis
41%
Jelly BellyÉtats-Unis
40%
Hershey'sÉtats-Unis
36%
ColombinaColombie
23%
Dulces de la rosaMexique
23%
MeijiJapon
22%
ThorntonsRoyaume-Uni
19%
YildizTurquie
17%
StollwerckAllemagne
16%
NapoleonBelgique
15%
MorinagaJapon
9%
WawelPologne
9%
KatjesAllemagne
8%
ArcorArgentine
8%
LotteCorée du sud
8%
NatraEspagne
6%
Grupo BimboMexique
6%
TomsDanemark
5%
PandaFinlande
5%
CloettaSuéde
5%
FazerFinlande
4%
OrklaNorvége
4%
CarozziChili
3%
RoshenUkraine
3%
OrionCorée du sud
2%
KontiUkraine
2%

Distribution des résultats

Percentile par nombre de réponses

% des personnes avec chaque résultat

Votre développement - résultats

Vous n’avez pas pris ce quiz